Medagliere Hockey su ghiaccio ai Giochi Olimpici - Statistics

Statistiche generali
  • Questo quiz è stato fatto 28 volte
  • Il punteggio medio è 12 su 16
Statistiche sulle risposte
Medaglie complessive Medaglie d'Oro Medaglie d'Argento Medaglie di Bronzo Rappresentativa olimpica % Corretto
16 9 4 3 Canada
100%
11 2 8 1 Stati Uniti
100%
1 1 0 0 Atleti Olimpici della Russia
91%
1 0 1 0 Comitato Olimpico Russo
91%
7 1 2 4 Finlandia
91%
2 0 1 1 Germania
91%
2 0 1 1 Russia
91%
9 2 3 4 Svezia
91%
2 1 0 1 Repubblica Ceca
86%
2 0 0 2 Svizzera
68%
1 0 0 1 Slovacchia
59%
2 1 0 1 Gran Bretagna
55%
1 1 0 0 Squadra Unificata
55%
9 7 1 1 Unione Sovietica
55%
8 0 4 4 Cecoslovacchia
50%
1 0 0 1 Germania Ovest
36%
Nessun quiz corrispondente trovato
Distribuzione punteggi
Percentuale di utenti per punteggio
Percentile per numero di risposta
I tuoi punteggi nel tempo
Non hai fatto questo quiz